Responsabilidad por el daño ambiental en Perú: (Registro nro. 4674)

Detalles MARC
000 -CABECERA
Campo de control 00689nam a2200217 a 4500
005 - FECHA Y HORA DE LA ULTIMA TRANSACCION
Campo de control 20160206103556.0
008 - ELEMENTOS DE LONGITUD FIJA—INFORMACION GENERAL
Campo de control 140317b2000 pe ||||| |||| 00| 0 spa d
020 ## - ISBN
ISBN 9972792048
040 ## - FUENTE DE CATALOGACIÓN
Agencia catalogadora original CO-BoIAVH
Agencia transcriptora CO-BoIAVH
041 ## - IDIOMA
Código de idioma para texto/pista de sonido o título separado Español
044 ## - PAÍS DE PUBLICACIÓN
País de publicación Perú
082 14 - NUMERO DE CLASIFICACION DECIMAL DEWEY
Número de clasificación 632.1085
Número del ítem C54r
245 10 - MENCION DE TITULO
Título Responsabilidad por el daño ambiental en Perú:
Parte restante del título reflexión y debate/
Mención de responsabilidad editado por Carlos Chirino
260 ## - PUBLICACION, DISTRIBUCION, ETC. (PIE DE IMPRENTA)
Lugar de publicación, distribución, etc. Lima:
Nombre del editor, distribuidor, etc. Sociedad Peruana de Derecho Ambiental,
Fecha de publicación, distribución, etc. 2000.
300 ## - DESCRIPCION FISICA
Extensión 155 páginas
650 1# - ASIENTO SECUNDARIO DE MATERIA - TERMINO TEMATICO
Término temático o nombre geográfico como elemento de entrada daño ambiental
Subdivisión geográfica Perú
9 (RLIN) 57368
650 1# - ASIENTO SECUNDARIO DE MATERIA - TERMINO TEMATICO
Término temático o nombre geográfico como elemento de entrada responsabilidad ambiental
Subdivisión geográfica Perú
9 (RLIN) 57369
700 1# - ASIENTO SECUNDARIO - NOMBRE PERSONAL
Nombre personal Chirinos, Carlos
Término de relación editor
9 (RLIN) 22102
942 ## - ELEMENTOS ADICIONALES (KOHA)
Tipo de ítem Libro
Sistema de clasificación Dewey Decimal Classification
945 ## - PROCESAMIENTO LOCAL
AAAA-MM-DD - Fecha de ingreso o modificacion 2005-07-14
Existencias
Withdrawn status Lost status Sistema de Clasificación Damaged status No para préstamo Colección Inventariado Ubicación Permanente Ubicación actual Fecha de adquisición Fuente de Valor Valor Total Checkouts Número topográfico Inventario / Código de Barras Date last seen Ejemplar Price effective from Forma de adquisición Tipo de material
    Dewey Decimal Classification     General Inventariado 2017 Bogotá Bogotá 14/07/2005 Instituto 39000.00   LB-632.1085 C54r 019413 04/12/2012 Ej. 1 04/12/2012   Libro